| 000 | 00497nam a2200181Ia 4500 | ||
|---|---|---|---|
| 005 | 20250326142242.0 | ||
| 008 | 250326s9999 xx 000 0 und d | ||
| 037 | _aTextbook | ||
| 040 |
_aFMSL _beng _cFMSL |
||
| 041 |
_aeng _2eng |
||
| 084 | _qFMSL | ||
| 100 |
_aVnetura J _9745806 |
||
| 245 | 0 |
_aSmall business survival : 134 truble shooting tips for success _cVnetura J |
|
| 260 |
_aUSA _bUSA, Deraborn ficial Pub. _c1994 |
||
| 300 | _a240p | ||
| 942 | _cTB | ||
| 999 |
_c1294137 _d1294137 |
||